000 00991nam a2200265Ia 4500
003 OSt
005 20220923210942.0
006 a|||||r|||| 00| 0
007 ta
008 220922b |||||||| |||| 00| 0 hin d
020 _a8126001348 (pb)
024 _a230,809
037 _cTextual
040 _aARTS
_cARTS
_bhin
041 _2hin
_ahin
082 _aO168,3N12x, 152N6
100 _aअल्वी, वारिस; शर्मा, जानकी प्रसाद, अनु.
_9156504
245 0 _aसआदत हसन मंटो
246 _aSaādat hasan hinṭo
260 _aनई दिल्ली
_b साहित्य अकादमी
_c1996
300 _a87पृ.
_ccm.
490 _aभारतीय साहित्य के निर्माता
942 _hO168,3N12x, 152N6
_cTEXL
_2CC
999 _c293147
_d293147